Uvedenie návrhu zákona o protikomunistickom odboji v Národnej rade Slovenskej republiky 31. januára 2006

Bibliographic Details
Main Author: Šimko, Ivan, 1955- (Author)
Format: Article
Language:Slovak
PhysicalDescription:Fotogr.
ISSN:1336-6297
Subjects:
Online Access:http://www.upn.gov.sk/data/publikacie/pamat-naroda/pamat-naroda-01-2006.pdf

MARC

LEADER 00000nab a2200000 a 4500
001 vtls008844830
003 SK-MaSNL
005 20260304225043.0
008 250505c2006 xo |||| | | 000 b|slo
015 |a SNBRB2006/09  |2 snkbucl 
035 |a (uuid)47a6e83d-2116-4a39-8e3c-5e1cb5aa4ef5 
035 |a urn:nbn:sk:snk-abxqk 
035 |a (urnnbn)urn:nbn:sk:snk:ar-0035bj 
038 |a SNKBUCL 
040 |a SNKBUCL  |b slo  |c SNKBUCL  |e AACR2 
041 0 |a slo 
044 |a xo  |c SK 
080 |a 323.28:321.64:340.13  |2 1997 
080 |a 340.13  |2 1997 
080 |a 321.64:340.13  |2 1997 
100 1 |a Šimko, Ivan,  |d 1955-  |4 aut  |9 248302 
245 1 0 |a Uvedenie návrhu zákona o protikomunistickom odboji v Národnej rade Slovenskej republiky 31. januára 2006  |c Ivan Šimko 
300 |b Fotogr. 
650 0 7 |a komunistický režim  |2 snkbucl  |9 4699 
650 0 7 |a zločiny komunizmu  |2 snkbucl  |9 4471 
650 0 7 |a protikomunistický odboj  |2 snkbucl  |9 4749 
650 0 7 |a politická perzekúcia  |2 snkbucl  |9 75134 
655 7 |a zákony  |2 snkbucl  |9 70186 
773 0 |t Pamäť národa  |g Č. 1 (2006), s. 4-5  |x 1336-6297 
850 |a Slovenská národná knižnica 
852 |a Slovenská národná knižnica 
856 4 1 |u http://www.upn.gov.sk/data/publikacie/pamat-naroda/pamat-naroda-01-2006.pdf 
954 |a odborná, vedecká literatúra pôvodná (slovenská)  |2 lita 
958 |a article27 
958 |a OND 
958 |a EUIPO 
999 |c 3175421  |d 3177351